[Event "TUR-ch (Women)"]
[Site "Antalya"]
[Date "2018.03.10"]
[Round "9"]
[White "Yilmaz, Ezgi"]
[Black "Alexanian, Nelli"]
[Result "0-1"]
[WhiteElo "1883"]
[BlackElo "2066"]
[PlyCount "56"]
[EventDate "2018.03.05"]
[EventType "swiss"]
[EventRounds "9"]
[EventCountry "TUR"]
[SourceTitle "CBM 183 Extra"]
[Source "ChessBase"]
[SourceDate "2018.04.19"]
[SourceVersion "1"]
[SourceVersionDate "2018.04.19"]
[SourceQuality "1"]

1. e4 e6 2. d4 d5 3. Nd2 a5 4. Ngf3 Nf6 5. Bd3 c5 6. c3 Nc6 7. exd5 Nxd5 8. Nb3 b6 9. a4 Be7 10. 0-0 Qc7 11. Re1 Bb7 12. Qc2 h6 13. Re4 Nf6 14. Rh4 0-0-0 15. dxc5 bxc5 16. Bb5 g5 17. Rc4 Ne5 18. Nxe5 Qxe5 19. Be3 Bd6 20. Bxc5 Qxh2+ 21. Kf1 Qxg2+ 22. Ke1 Qh1+ 23. Ke2 Bf3+ 24. Ke3 Bf4+ 25. Rxf4 gxf4+ 26. Kxf4 Nd5+ 27. Ke5 Qh2+ 28. Kd4 Qf4+ 0-1

[Event "TUR-ch (Women)"]
[Site "Antalya"]
[Date "2018.03.09"]
[Round "7"]
[White "Ozturk Orenli, Kubra"]
[Black "Yilmaz, Ezgi"]
[Result "1-0"]
[WhiteElo "2293"]
[BlackElo "1883"]
[PlyCount "81"]
[EventDate "2018.03.05"]
[EventType "swiss"]
[EventRounds "9"]
[EventCountry "TUR"]
[SourceTitle "CBM 183 Extra"]
[Source "ChessBase"]
[SourceDate "2018.04.19"]
[SourceVersion "1"]
[SourceVersionDate "2018.04.19"]
[SourceQuality "1"]

1. d4 d5 2. c4 c6 3. e3 Nf6 4. Nc3 e6 5. Nf3 Be7 6. Qc2 Nbd7 7. b3 0-0 8. Bd3 Re8 9. 0-0 c5 10. cxd5 exd5 11. Bb2 a6 12. Rfe1 cxd4 13. Nxd4 Ne5 14. Rad1 Nxd3 15. Qxd3 Be6 16. Nxe6 fxe6 17. e4 dxe4 18. Qh3 Bd6 19. Ba3 Nd5 20. Bxd6 Qxd6 21. Nxe4 Qe7 22. Qg3 Rad8 23. Qe5 h6 24. g3 Rd7 25. f4 Qb4 26. Nf2 Qb6 27. Rd4 Nf6 28. Rxd7 Nxd7 29. Qc3 Nf6 30. Kg2 Nd5 31. Qe5 Qc6 32. Qe4 Qb6 33. Ng4 Nc3 34. Qg6 Qc6+ 35. Kh3 Kf8 36. Ne5 Qc7 37. Rc1 Re7 38. Qh7 Re8 39. Qh8+ Ke7 40. Qxg7+ Kd8 41. Qxc7+ 1-0

[Event "TUR-chT 1st League"]
[Site "Konya"]
[Date "2017.07.22"]
[Round "8.1"]
[White "Yilmaz, Ezgi"]
[Black "Gokbulut, Julia"]
[Result "0-1"]
[WhiteElo "1836"]
[BlackElo "1997"]
[PlyCount "110"]
[EventDate "2017.07.17"]
[EventType "team-swiss"]
[EventRounds "9"]
[EventCountry "TUR"]
[SourceTitle "CBM 179 Extra"]
[Source "ChessBase"]
[SourceDate "2017.08.23"]
[SourceVersion "1"]
[SourceVersionDate "2017.08.23"]
[SourceQuality "1"]
[WhiteTeam "Karman Masterler"]
[BlackTeam "Bursa Buyuksehir"]
[WhiteTeamCountry "TUR"]
[BlackTeamCountry "TUR"]

1. e4 e6 2. d4 d5 3. Nd2 h6 4. Ngf3 Nf6 5. e5 Nfd7 6. Bd3 c5 7. c3 Nc6 8. b3 cxd4 9. cxd4 g5 10. Bb2 g4 11. Ng1 Rg8 12. a3 Qg5 13. Nf1 f6 14. exf6 Nxf6 15. Ng3 Bd7 16. h4 Qg7 17. N1e2 Bd6 18. Qd2 0-0-0 19. b4 Kb8 20. b5 Ne7 21. a4 Nf5 22. Ba3 Bc7 23. Rc1 Bc8 24. a5 Nxg3 25. fxg3 Ne4 26. Bxe4 dxe4 27. 0-0 Rd5 28. b6 axb6 29. axb6 Bxb6 30. Qf4+ e5 31. Qxe4 Rgd8 32. Bc5 Bxc5 33. Rxc5 Rxc5 34. dxc5 Qc7 35. Qe3 Rd5 36. Rc1 Qc6 37. Kh2 h5 38. Rc4 b5 39. Rc1 Bb7 40. Qf2 Rd8 41. Rg1 b4 42. Nc1 Qd5 43. Qe3 Qd4 44. Qg5 Qd5 45. Qxh5 b3 46. Qf5 b2 47. Ne2 Qe4 48. Qg5 Re8 49. Nc3 Qd4 50. Qg6 Rd8 51. Ne2 Qxc5 52. Re1 Qf2 53. Rg1 Qxe2 54. h5 Qe4 55. Qb6 Rd2 0-1

[Event "TUR-chT 1st League"]
[Site "Konya"]
[Date "2017.07.20"]
[Round "6.3"]
[White "Kaya, Emel"]
[Black "Yilmaz, Ezgi"]
[Result "1-0"]
[WhiteElo "1929"]
[BlackElo "1836"]
[PlyCount "57"]
[EventDate "2017.07.17"]
[EventType "team-swiss"]
[EventRounds "9"]
[EventCountry "TUR"]
[SourceTitle "CBM 179 Extra"]
[Source "ChessBase"]
[SourceDate "2017.08.23"]
[SourceVersion "1"]
[SourceVersionDate "2017.08.23"]
[SourceQuality "1"]
[WhiteTeam "Manisa Turkuaz"]
[BlackTeam "Karman Masterler"]
[WhiteTeamCountry "TUR"]
[BlackTeamCountry "TUR"]

1. e4 g6 2. d4 c6 3. Nc3 Bg7 4. a4 d6 5. Bc4 Nd7 6. Nf3 e5 7. Be3 Ngf6 8. dxe5 dxe5 9. 0-0 0-0 10. h3 h6 11. Qd2 Kh7 12. Rfd1 Qe8 13. a5 Ng8 14. Qd6 Qe7 15. a6 Nb6 16. axb7 Bxb7 17. Qxe7 Nxe7 18. Bxb6 axb6 19. Rxa8 Bxa8 20. Rd7 Bf6 21. Nxe5 Kg7 22. Nxf7 b5 23. Nd8 Re8 24. Bf7 Rh8 25. Bb3 Re8 26. f4 Kh8 27. e5 Bg7 28. Nf7+ Kh7 29. Nd6 1-0

[Event "TUR Cup"]
[Site "Antalya"]
[Date "2017.02.02"]
[Round "9"]
[White "Mataraci, Omer Baransel"]
[Black "Yilmaz, Ezgi"]
[Result "0-1"]
[WhiteElo "1708"]
[BlackElo "1866"]
[PlyCount "50"]
[EventDate "2017.01.28"]
[EventType "swiss"]
[EventRounds "11"]
[EventCountry "TUR"]
[SourceTitle "CBM 176 Extra"]
[Source "ChessBase"]
[SourceDate "2017.03.02"]
[SourceVersion "1"]
[SourceVersionDate "2017.03.02"]
[SourceQuality "1"]

1. d4 d5 2. Nf3 c6 3. c4 e6 4. Nc3 dxc4 5. e4 b5 6. a4 Bb4 7. Bd2 a5 8. axb5 Bxc3 9. Bxc3 cxb5 10. b3 Bb7 11. bxc4 b4 12. Bb2 Bxe4 13. Be2 Nf6 14. 0-0 0-0 15. Ng5 Bb7 16. Bd3 h6 17. f4 Nbd7 18. h4 Qc7 19. f5 Qg3 20. Nf3 Ng4 21. Qe1 Qd6 22. c5 Nxc5 23. Bc4 Bxf3 24. Rxf3 Qh2+ 25. Kf1 Qh1+ 0-1

[Event "TUR Cup"]
[Site "Antalya"]
[Date "2017.01.31"]
[Round "6"]
[White "Yilmaz, Ezgi"]
[Black "Uyanik, Mehmet"]
[Result "1-0"]
[WhiteElo "1866"]
[BlackElo "1582"]
[PlyCount "72"]
[EventDate "2017.01.28"]
[EventType "swiss"]
[EventRounds "11"]
[EventCountry "TUR"]
[SourceTitle "CBM 176 Extra"]
[Source "ChessBase"]
[SourceDate "2017.03.02"]
[SourceVersion "1"]
[SourceVersionDate "2017.03.02"]
[SourceQuality "1"]

1. e4 c5 2. Nf3 d6 3. d4 cxd4 4. Nxd4 Nf6 5. Nc3 a6 6. Be2 e6 7. a4 Be7 8. 0-0 0-0 9. a5 Nc6 10. Nxc6 bxc6 11. Be3 Nd7 12. Na4 c5 13. Qd2 Rb8 14. Rfd1 Bb7 15. f3 Qc7 16. c3 Rfd8 17. b4 d5 18. exd5 Bxd5 19. c4 Bc6 20. Qe1 cxb4 21. Nb6 Nc5 22. Qxb4 Rxd1+ 23. Rxd1 Na4 24. c5 Qe5 25. Qd4 Qxd4 26. Bxd4 Nxc5 27. Be5 Rd8 28. Rc1 Rd2 29. Bxa6 Ra2 30. Bf1 Rxa5 31. Nc4 Ra2 32. Bd6 Bxd6 33. Nxd6 Ra5 34. Nc4 Ra8 35. Ne5 Bxf3 36. Nxf3 Ne4 1-0

[Event "TUR-ch (Women)"]
[Site "Cesme"]
[Date "2016.03.12"]
[Round "9"]
[White "Atalik, Ekaterina"]
[Black "Yilmaz, Ezgi"]
[Result "1/2-1/2"]
[WhiteElo "2410"]
[BlackElo "1846"]
[PlyCount "25"]
[EventDate "2016.03.07"]
[EventType "swiss"]
[EventRounds "9"]
[EventCountry "TUR"]
[SourceTitle "CBM 171 Extra"]
[Source "ChessBase"]
[SourceDate "2016.04.26"]
[SourceVersion "1"]
[SourceVersionDate "2016.04.26"]
[SourceQuality "1"]

1. d4 d5 2. c4 c6 3. Nc3 e6 4. e3 Nf6 5. Nf3 Nbd7 6. Qc2 Bd6 7. Bd3 dxc4 8. Bxc4 0-0 9. 0-0 e5 10. Bb3 Qc7 11. h3 h6 12. Bd2 Re8 13. dxe5 1/2-1/2

[Event "TUR-ch (Women)"]
[Site "Cesme"]
[Date "2016.03.09"]
[Round "5"]
[White "Gokbulut, Julia"]
[Black "Yilmaz, Ezgi"]
[Result "1-0"]
[WhiteElo "1997"]
[BlackElo "1846"]
[PlyCount "45"]
[EventDate "2016.03.07"]
[EventType "swiss"]
[EventRounds "9"]
[EventCountry "TUR"]
[SourceTitle "CBM 171 Extra"]
[Source "ChessBase"]
[SourceDate "2016.04.26"]
[SourceVersion "1"]
[SourceVersionDate "2016.04.26"]
[SourceQuality "1"]

1. d4 g6 2. c4 Bg7 3. Nc3 d6 4. e4 Nd7 5. Nf3 a6 6. Be3 Ngf6 7. h3 e5 8. d5 Qe7 9. Be2 Nc5 10. Nd2 0-0 11. Qc2 Ne8 12. b4 Nd7 13. 0-0-0 a5 14. a3 axb4 15. axb4 Nb6 16. Kb2 f5 17. Bxb6 cxb6 18. f3 Nf6 19. g4 fxe4 20. Ndxe4 Bd7 21. Ra1 Rac8 22. Qd3 Ra8 23. Qe3 1-0

[Event "TUR-ch (Women)"]
[Site "Cesme"]
[Date "2016.03.08"]
[Round "2"]
[White "Yilmaz, Ezgi"]
[Black "Ipeker, Melda"]
[Result "1-0"]
[WhiteElo "1846"]
[BlackElo "1580"]
[PlyCount "75"]
[EventDate "2016.03.07"]
[EventType "swiss"]
[EventRounds "9"]
[EventCountry "TUR"]
[SourceTitle "CBM 171 Extra"]
[Source "ChessBase"]
[SourceDate "2016.04.26"]
[SourceVersion "1"]
[SourceVersionDate "2016.04.26"]
[SourceQuality "1"]

1. e4 c5 2. Nf3 e6 3. d4 cxd4 4. Nxd4 Nc6 5. Nc3 Qc7 6. g3 a6 7. Bg2 Nf6 8. 0-0 Be7 9. Re1 Nxd4 10. Qxd4 d6 11. b3 0-0 12. Bb2 Bd7 13. Rac1 Rac8 14. Ne2 Rfd8 15. c4 Bc6 16. Nc3 Ne8 17. Qe3 Qa5 18. a3 Nc7 19. b4 Qg5 20. f4 Qh6 21. Qe2 Bf6 22. Rcd1 Na8 23. e5 Be7 24. Bxc6 Rxc6 25. exd6 Rcxd6 26. Ne4 R6d7 27. c5 Qg6 28. Rxd7 Rxd7 29. Be5 Nc7 30. a4 Nd5 31. b5 f6 32. Bd6 Bxd6 33. Nxd6 Nxf4 34. Qc4 Nh3+ 35. Kg2 Ng5 36. h4 Nf7 37. Qxe6 Qc2+ 38. Re2 1-0

[Event "TUR-ch (Women)"]
[Site "Cesme"]
[Date "2016.03.07"]
[Round "1"]
[White "Komurcu, Aleyna"]
[Black "Yilmaz, Ezgi"]
[Result "0-1"]
[WhiteElo "1378"]
[BlackElo "1846"]
[PlyCount "70"]
[EventDate "2016.03.07"]
[EventType "swiss"]
[EventRounds "9"]
[EventCountry "TUR"]
[SourceTitle "CBM 171 Extra"]
[Source "ChessBase"]
[SourceDate "2016.04.26"]
[SourceVersion "1"]
[SourceVersionDate "2016.04.26"]
[SourceQuality "1"]

1. e4 c5 2. Nf3 Nc6 3. d4 cxd4 4. Nxd4 Nf6 5. Nc3 g6 6. Be3 Bg7 7. f3 Nxd4 8. Bxd4 Qa5 9. Qd2 0-0 10. Nd5 Qxd2+ 11. Kxd2 Nxd5 12. Bxg7 Kxg7 13. exd5 d6 14. Re1 Kf6 15. g4 e6 16. c4 Bd7 17. Bd3 Rac8 18. Rc1 Rc7 19. h4 h6 20. f4 Rfc8 21. g5+ hxg5 22. hxg5+ Kg7 23. b3 exd5 24. cxd5 Rc5 25. Be4 Bf5 26. Rxc5 Rxc5 27. Kd3 Rxd5+ 28. Ke3 Bxe4 29. Kxe4 Rd2 30. a4 Rb2 31. Rh3 Kf8 32. Rc3 Ke8 33. f5 gxf5+ 34. Kxf5 Rf2+ 35. Kg4 Kd7 0-1

[Event "TUR-chT"]
[Site "Kocaeli"]
[Date "2015.08.12"]
[Round "9.2"]
[White "Yilmaz, Ezgi"]
[Black "Asan, Elvan"]
[Result "1-0"]
[WhiteElo "1852"]
[BlackElo "1810"]
[PlyCount "45"]
[EventDate "2015.08.04"]
[EventType "team-tourn"]
[EventRounds "13"]
[EventCountry "TUR"]
[SourceTitle "CBM 167 Extra"]
[Source "ChessBase"]
[SourceDate "2015.09.14"]
[SourceVersion "1"]
[SourceVersionDate "2015.09.14"]
[SourceQuality "1"]
[WhiteTeam "Kocaeli Buyuksehir"]
[BlackTeam "Istanbul Teknik Uni"]
[WhiteTeamCountry "TUR"]
[BlackTeamCountry "TUR"]

1. e4 c5 2. Nf3 d6 3. d4 cxd4 4. Nxd4 Nf6 5. Nc3 g6 6. Be3 Bg7 7. f3 0-0 8. Qd2 Nc6 9. g4 a6 10. h4 h5 11. gxh5 Nxh5 12. Rg1 Kh7 13. 0-0-0 Bd7 14. f4 Nxd4 15. Bxd4 Bxd4 16. Qxd4 Nxf4 17. e5 Ne6 18. Qd2 Bc6 19. h5 Rh8 20. hxg6+ fxg6 21. Bd3 Nf8 22. Qg5 Qe8 23. exd6 1-0

[Event "Gebze op"]
[Site "Gebze"]
[Date "2013.10.04"]
[Round "4"]
[White "Yilmaz, Ezgi"]
[Black "Cetinkaya, Vedat Ali"]
[Result "0-1"]
[WhiteElo "1866"]
[BlackElo "1996"]
[PlyCount "66"]
[EventDate "2013.10.03"]
[EventType "swiss"]
[EventRounds "7"]
[EventCountry "TUR"]
[SourceTitle "CBM 157 Extra"]
[Source "ChessBase"]
[SourceDate "2013.12.19"]
[SourceVersion "1"]
[SourceVersionDate "2013.12.19"]
[SourceQuality "1"]

1. e4 c5 2. Nf3 d6 3. d4 cxd4 4. Nxd4 Nf6 5. Nc3 a6 6. Be2 g6 7. 0-0 Bg7 8. Be3 0-0 9. Nb3 b5 10. a3 Bb7 11. Qd3 Nbd7 12. f4 Qc7 13. Bf3 Rac8 14. Rad1 Rfd8 15. Qe2 Nb6 16. Na5 Ba8 17. Qf2 Nfd7 18. Bd4 Na4 19. Bxg7 Nxb2 20. Nd5 Nxd1 21. Nxe7+ Kxg7 22. Qd4+ f6 23. Nxc8 Rxc8 24. Rxd1 Qxa5 25. Qxd6 Qb6+ 26. Qxb6 Nxb6 27. Rd6 Rc6 28. Rd2 Re6 29. Rd4 Nc4 30. a4 Rd6 31. Rxd6 Nxd6 32. e5 Bxf3 33. exd6 Bc6 0-1

[Event "TUR-ch (Women)"]
[Site "Kemer"]
[Date "2012.02.01"]
[Round "7"]
[White "Oney, Gulumser"]
[Black "Yilmaz, Ezgi"]
[Result "0-1"]
[WhiteElo "1726"]
[BlackElo "1876"]
[PlyCount "178"]
[EventDate "2012.01.29"]
[EventType "swiss"]
[EventRounds "9"]
[EventCountry "TUR"]
[SourceTitle "CBM 146 Extra"]
[Source "ChessBase"]
[SourceDate "2012.02.29"]
[SourceVersion "1"]
[SourceVersionDate "2012.02.29"]
[SourceQuality "1"]

1. Nf3 c5 2. g3 Nc6 3. Bg2 g6 4. 0-0 Bg7 5. d3 e6 6. e4 Nge7 7. Nbd2 0-0 8. Re1 d5 9. c3 b6 10. Qc2 a5 11. Nf1 Ra7 12. Bd2 Ba6 13. exd5 exd5 14. a3 Rc7 15. Bf4 Rc8 16. Bh3 Ra8 17. Qd2 Re8 18. Rad1 Bc8 19. Bg2 Bf5 20. h3 Ra7 21. g4 Bc8 22. Bh6 Rf8 23. Re2 b5 24. Rde1 Be6 25. Qf4 b4 26. Bxg7 Kxg7 27. Ng3 Qc7 28. Qxc7 Rxc7 29. Ng5 Bc8 30. cxb4 cxb4 31. axb4 axb4 32. Rc2 Rd7 33. Ne2 h6 34. Nf3 Ba6 35. Nf4 Ra8 36. Bf1 Rb8 37. Rc5 b3 38. Ne5 Nxe5 39. Rxe5 d4 40. Ra5 Nc6 41. Red5 Ra7 42. Rac5 Rc8 43. Rd6 Bb7 44. Bg2 Nb4 45. Rxc8 Bxc8 46. Rxd4 Nc2 47. Rc4 Ra1+ 48. Kh2 Ba6 49. Rc3 Nd4 50. Bd5 Rb1 51. Bxb3 Rxb2 52. Bc4 Bb7 53. Kg3 g5 54. Nh5+ Kg6 55. Ra3 Rb1 56. Ra2 Re1 57. f4 Re3+ 58. Kf2 Rf3+ 59. Ke1 gxf4 60. Ra7 Bc8 61. Bxf7+ Kg5 62. Bc4 Rxh3 63. Rg7+ Kh4 64. Nxf4 Rh1+ 65. Kf2 Bxg4 66. Ng2+ Kh3 67. Nf4+ Kh4 68. Bd5 Rh2+ 69. Ng2+ Kh3 70. Ke3 Nf5+ 71. Kf4 Nxg7 72. Ne3 Rf2+ 73. Ke5 Bf3 74. Bc4 Be2 75. Nd5 Rf5+ 76. Kd4 h5 77. Ne7 Rf2 78. Ke3 Rh2 79. Ng6 Bg4 80. Nf4+ Kg3 81. d4 Nf5+ 82. Ke4 Nxd4 83. Nxh5+ Rxh5 84. Kxd4 Kf4 85. Bd5 Bf3 86. Bc4 Rh8 87. Bb3 Rd8+ 88. Kc3 Ke3 89. Kc2 Bd1+ 0-1

[Event "TUR-ch (Women)"]
[Site "Konya"]
[Date "2009.07.14"]
[Round "9"]
[White "Yilmaz, Ezgi"]
[Black "Soylemez, Cansu"]
[Result "0-1"]
[WhiteElo "1884"]
[BlackElo "1879"]
[PlyCount "77"]
[EventDate "2009.07.09"]
[EventType "swiss"]
[EventRounds "9"]
[EventCountry "TUR"]
[SourceTitle "CBM 131 Extra"]
[Source "ChessBase"]
[SourceDate "2009.09.03"]
[SourceVersion "2"]
[SourceVersionDate "2009.09.16"]
[SourceQuality "1"]

1. e4 c5 2. Nf3 Nc6 3. d4 cxd4 4. Nxd4 Nf6 5. Nc3 e5 6. Ndb5 d6 7. Bg5 a6 8. Na3 b5 9. Nd5 Be7 10. Bxf6 Bxf6 11. c3 Bg5 12. Bd3 Ne7 13. Nxe7 Qxe7 14. Nc2 0-0 15. 0-0 Be6 16. Qf3 Bf4 17. Ne3 g6 18. g3 Bh6 19. h4 Qd7 20. Bc2 Kh8 21. Bb3 Bh3 22. Rfd1 f5 23. Rd3 f4 24. Nd5 Rab8 25. gxf4 Bg4 26. Qg2 Bxf4 27. Nxf4 Rxf4 28. f3 Bh5 29. Rad1 Qe7 30. R1d2 Qxh4 31. Bd1 Rbf8 32. Rf2 Qf6 33. a3 g5 34. Qh3 Rh4 35. Qd7 Rxe4 36. Rxd6 Qf4 37. Qh3 Re1+ 38. Kg2 e4 39. Qxh5 0-1

[Event "TUR-ch (Women)"]
[Site "Konya"]
[Date "2009.07.11"]
[Round "3"]
[White "Yilmaz, Ezgi"]
[Black "Sanal, Suna"]
[Result "1-0"]
[WhiteElo "1884"]
[BlackElo "1794"]
[PlyCount "109"]
[EventDate "2009.07.09"]
[EventType "swiss"]
[EventRounds "9"]
[EventCountry "TUR"]
[SourceTitle "CBM 131 Extra"]
[Source "ChessBase"]
[SourceDate "2009.09.03"]
[SourceVersion "2"]
[SourceVersionDate "2009.09.16"]
[SourceQuality "1"]

1. e4 c5 2. Nf3 e6 3. c4 a6 4. Nc3 d6 5. d4 cxd4 6. Nxd4 Nf6 7. Bd3 Be7 8. 0-0 Nbd7 9. Bc2 Qc7 10. Qe2 0-0 11. a4 b6 12. b3 Bb7 13. Bb2 Rfe8 14. Rfe1 Rad8 15. Rad1 Bf8 16. Qf3 Ne5 17. Qg3 Ng6 18. Nde2 Qc6 19. Nd4 Qc7 20. Bc1 Qc5 21. Be3 Qc8 22. Nde2 Nd7 23. h4 Nc5 24. h5 Ne5 25. h6 g6 26. Bg5 Nc6 27. Bxd8 Rxd8 28. Nd4 Nb4 29. Bb1 Bxh6 30. Qh3 Bg7 31. Nce2 Nxe4 32. Bxe4 Bxe4 33. Qe3 Ba8 34. Rf1 Nc6 35. Nf3 Qb7 36. Ne1 Ne5 37. Nf4 Qc6 38. Nh3 Ng4 39. Qg5 Nf6 40. Rd3 Qc5 41. Qd2 Ne4 42. Qe2 Nc3 43. Qd2 Ne4 44. Qf4 Qe5 45. Qxe5 Bxe5 46. Nf3 Bg7 47. Rfd1 d5 48. cxd5 Rxd5 49. Nf4 Rxd3 50. Rxd3 Bc6 51. Rd8+ Bf8 52. Ne5 g5 53. Nh5 Nf6 54. Nxf6+ Kg7 55. Nxc6 1-0

[Event "EU-ch U16 Girls"]
[Site "Urgup"]
[Date "2004.07.??"]
[Round "3"]
[White "Yilmaz, Ezgi"]
[Black "Guichard, Pauline"]
[Result "0-1"]
[WhiteElo "1865"]
[BlackElo "2073"]
[PlyCount "70"]
[EventDate "2004.08.??"]
[EventType "swiss"]
[EventRounds "9"]
[EventCountry "TUR"]
[SourceTitle "EXT 2005"]
[Source "ChessBase"]
[SourceDate "2004.11.15"]
[SourceVersion "1"]
[SourceVersionDate "2004.11.15"]
[SourceQuality "1"]

1. e4 c5 2. Nf3 Nc6 3. d4 cxd4 4. Nxd4 e5 5. Nf5 Nf6 6. Nc3 d5 7. Ng3 d4 8. Nb1 Be6 9. Be2 a6 10. a3 Rc8 11. Nd2 b5 12. Nf3 h6 13. Bd2 Qb6 14. 0-0 Nd7 15. Kh1 Na5 16. b3 Qc7 17. a4 Nc6 18. axb5 axb5 19. Bxb5 Nb4 20. Bxb4 Bxb4 21. Ra2 0-0 22. Qe2 Bc3 23. Nf5 Nc5 24. N3h4 Kh7 25. Nf3 Rfd8 26. Ne1 Rb8 27. Bd3 Ra8 28. Rxa8 Rxa8 29. f4 g6 30. Nh4 exf4 31. Nhf3 Ra2 32. Qf2 Nxd3 33. Nxd3 Bxb3 34. Qh4 Rxc2 35. Nxf4 Kg7 0-1

[Event "Wch U20 Girls"]
[Site "Nakhchivan"]
[Date "2003.06.29"]
[Round "7"]
[White "Mammadova, Nargiz"]
[Black "Yilmaz, Ezgi"]
[Result "0-1"]
[WhiteElo "2122"]
[BlackElo "1986"]
[PlyCount "82"]
[EventDate "2003.06.22"]
[EventType "swiss"]
[EventRounds "11"]
[EventCountry "AZE"]
[SourceTitle "EXT 2004"]
[Source "ChessBase"]
[SourceDate "2003.11.25"]
[SourceVersion "1"]
[SourceVersionDate "2003.11.25"]
[SourceQuality "1"]

1. Nf3 d5 2. c4 c6 3. b3 Nf6 4. g3 e6 5. Bg2 Bd6 6. Bb2 0-0 7. 0-0 Re8 8. d3 c5 9. cxd5 exd5 10. d4 Nc6 11. dxc5 Bxc5 12. Nc3 Be6 13. e3 Bf8 14. Rc1 Qd7 15. Re1 Rad8 16. Nd4 Nxd4 17. Qxd4 b6 18. Red1 Bc5 19. Qh4 Be7 20. Qd4 Bc5 21. Qa4 Qe7 22. Nb5 a6 23. Nd4 Bd7 24. Qxa6 Ra8 25. Qe2 Rxa2 26. Ra1 Rea8 27. Rxa2 Rxa2 28. Ra1 Rxa1+ 29. Bxa1 Ne4 30. Qa2 Qf8 31. Nc2 Be6 32. Qb2 f6 33. b4 Bd6 34. Qd4 Qb8 35. Bxe4 dxe4 36. Qxe4 Qc8 37. Nd4 Bh3 38. Qd5+ Kh8 39. Nc6 Bxb4 40. Bd4 Be7 41. f3 Qa6 0-1

[Event "Wch U20 Girls"]
[Site "Nakhchivan"]
[Date "2003.06.25"]
[Round "4"]
[White "Yilmaz, Ezgi"]
[Black "Valickova, Martina"]
[Result "0-1"]
[WhiteElo "1986"]
[BlackElo "2046"]
[PlyCount "94"]
[EventDate "2003.06.22"]
[EventType "swiss"]
[EventRounds "11"]
[EventCountry "AZE"]
[SourceTitle "EXT 2004"]
[Source "ChessBase"]
[SourceDate "2003.11.25"]
[SourceVersion "1"]
[SourceVersionDate "2003.11.25"]
[SourceQuality "1"]

1. e4 e5 2. Nf3 Nc6 3. Bc4 Nf6 4. d3 d5 5. exd5 Nxd5 6. c3 Nb6 7. Bb3 Be7 8. h3 0-0 9. 0-0 Bf5 10. Bc2 Qd6 11. Na3 Qg6 12. Kh1 Rad8 13. Ne1 h5 14. Qf3 Nd5 15. Nc4 Qf6 16. Qxh5 Bg6 17. Qg4 b5 18. Nd2 Bf5 19. Qf3 Qg6 20. Ne4 Be6 21. Ng3 f5 22. Nh5 a6 23. Ng3 Bc5 24. a3 Rd7 25. Bd2 Rfd8 26. Rd1 Nde7 27. Bc1 Bd5 28. Qe2 Bd6 29. Bd2 Rf8 30. Bc1 Nc8 31. b4 Be7 32. a4 Bh4 33. Nh5 f4 34. d4 f3 35. Qxf3 Bxf3 36. Bxg6 Bxd1 37. axb5 axb5 38. Be4 N8e7 39. Nf3 Bxf3 40. Bxf3 exd4 41. cxd4 Nxd4 42. Bg4 Rd6 43. g3 Bf6 44. Nxf6+ Rfxf6 45. Bg5 Rf7 46. Bf4 Ra6 47. Rd1 Ne6 0-1